000
00291 a2200133 4500
001
91652
082
_a
PR 1620
090
_c
43812
_d
43811
100
_a
Fuad;
245
_a
Electronics Labs
_n
51 "B EC
260
_a
Rawalpindi
_b
NUST
_c
1999
300
_a
100p
500
_a
BE Project Reports
942
_a
CAE NUST
_k
PR 1620
999
_c
326725
_d
326725